Normal view MARC view
  • Bhattacharya,S.K. AND D, John

Entry Personal Name

Number of records used in: 1

001 - CONTROL NUMBER

  • control field: 4542

003 - CONTROL NUMBER IDENTIFIER

  • control field: OSt

005 - DATE AND TIME OF LATEST TRANSACTION

  • control field: 20180717154004.0

008 - FIXED-LENGTH DATA ELEMENTS

  • fixed length control field: 180717|| aca||aabn | a|a d

040 ## - CATALOGING SOURCE

  • Original cataloging agency: OSt
  • Transcribing agency: OSt

100 ## - HEADING--PERSONAL NAME

  • Personal name: Bhattacharya,S.K. AND D, John

670 ## - SOURCE DATA FOUND

  • Source citation: Work cat.: (OSt)629: Bhattacharya,S.K. AND D, John, Accounting for management, 1976